• 首页
  • 本馆介绍
  • 公告通知
  • 最新文献
  • 馆藏检索
  • 电子资源
  • 读者导购
  • 参考咨询
  • 我的图书馆
  • 登录
  • 详细信息显示
  • 放入我的书架
  • 预约/预借图书
  • 作者相关作品
  • 分类相关作品
  • 丛书相关作品
  • 出版社相关作品

书目信息

  • 表格格式
  • 工作单格式
  • 卡片格式
题名:
道德经说什么
    
 
作者: 罗大伦 著
分册:  
出版信息: 北京   北京联合出版公司  2020.5
页数: 11, 396页
开本: 21cm
丛书名: 温故知新·典藏系列
单 册:
中图分类: B223.15 , B821
科图分类:
主题词: 道家 , 人生哲学--通俗读物
电子资源:
ISBN: 978-7-5502-9943-6
000 01286nam 2200361 45
001 012001001488
005 20140821091540.0
010    @a978-7-5502-9943-6@dCNY79.90
099    @aCAL 012019086016
100    @a20190703d2019 em y0chiy0110 ea
101 0  @achi
102    @aCN@b110000
105    @aa z 000yy
106    @ar
200 1  @a道德经说什么@Adao de jing shuo shen mo@f罗大伦著
210    @a北京@c北京联合出版公司@d2020.5
215    @a11, 396页@c图@d21cm
225 2  @a温故知新·典藏系列@Awen gu zhi xin · dian cang xi li
225 2  @a紫图书库@Azi tu shu ku@i国学经典 024
308    @a“紫图书库”之2324
330    @a本书作者从中医修养身心的角度,为您逐句逐字解读《道德经》,把其中的智慧总结提炼成通俗易懂的语言,带您读懂、读透《道德经》,结合其中流传千年的智慧,助您解决生活中的常见的各种实际问题。教您把自己的位置放低,把心放空,把名利看轻,把事做成,把身体照顾好。
410  0 @12001 @a温故知新·典藏系列
410  0 @12001 @a紫图书库
461  0 @12001 @a温故知新·典藏系列
462  0 @12001 @a国学经典 024
605    @a《道德经》@x研究
606 0  @a道家
606 0  @a人生哲学@j通俗读物
690    @aB223.15@v5
690    @aB821@v5
701  0 @a罗大伦@ALuo Dalun@4著
801    @aCN@bAHXH@c20210922
905    @b1251951-4@dB223.15@e994@f4
    
    道德经说什么/罗大伦著.-北京:北京联合出版公司,2020.5
    11, 396页:图;21cm.-(温故知新·典藏系列).-(紫图书库.国学经典 024)
    
    
    ISBN 978-7-5502-9943-6:CNY79.90
    本书作者从中医修养身心的角度,为您逐句逐字解读《道德经》,把其中的智慧总结提炼成通俗易懂的语言,带您读懂、读透《道德经》,结合其中流传千年的智慧,助您解决生活中的常见的各种实际问题。教您把自己的位置放低,把心放空,把名利看轻,把事做成,把身体照顾好。
●
相关链接 在E读中查询图书 在五车中查询图书 在当当中查询图书 在豆瓣中查询图书


正题名:道德经说什么     索取号:B223.15/994         预约/预借

序号 登录号 条形码 馆藏地/架位号 状态 备注
1 1251951   212519513   第一样本阅览室/ [索取号:B223.15/994] 在馆    
2 1251952   212519522   第一借阅区/ [索取号:B223.15/994] 在馆    
3 1251953   212519531   第一借阅区/ [索取号:B223.15/994] 在馆    
4 1251954   212519540   第一借阅区/ [索取号:B223.15/994] 在馆    
唐山师范学院图书馆 欢迎您!
大连网信软件有限公司© 版权所有